Loading...

Text book of comprehensive plant pathology

Bibliographic Details
Main Author: Karuna, Vishunavat
Other Authors: Kolte, S.J
Format: Printed Book
Language:Undetermined
English
Published: New Delhi Kalyani publishers 2012
Subjects:
LEADER 00620nam a2200193Ia 4500
008 140306s9999 xx 000 0 und d
020 |a 9789327218725 
041 |a eng 
082 |a 632  |b KAR/TE 
100 |a Karuna, Vishunavat 
700 |a Kolte, S.J 
245 |a Text book of comprehensive plant pathology 
260 |a New Delhi  |b Kalyani publishers  |c 2012 
300 |a 430 
365 |b Rs.260/- 
650 |a Plant pathology 
942 |2 ddc  |c BK 
999 |c 123724  |d 123724 
952 |0 0  |1 0  |2 ddc  |4 0  |6 632_000000000000000_KARTE  |7 0  |9 123534  |a KAUHCV  |b KAUHCV  |d 2013-09-19  |g 260.00  |o 632 KAR/TE  |p KAU_HCV-31094  |r 2014-03-22  |w 2014-03-22  |y BK